[Event "Hampshire Open"]
[Site "Eastleigh"]
[Date "2007.11.04"]
[Round "6"]
[White "Hurn, Paul AT"]
[Black "Wallman, Martin J"]
[Result "1-0"]
[WhiteElo "1704"]
[BlackElo "1744"]
[PlyCount "99"]
[EventDate "2007.11.02"]
[EventType "swiss"]
[EventRounds "6"]
[EventCountry "ENG"]
[SourceTitle "BritBase"]
[Source "John Saunders"]
[SourceDate "2025.01.31"]
[SourceVersion "1"]
[SourceVersionDate "2025.01.31"]
[SourceQuality "1"]

1. e4 d6 2. d4 Nf6 3. Nc3 g6 4. f4 Bg7 5. Nf3 Nbd7 6. Bc4 c5 7. e5 dxe5 8. dxe5 Ng4 9. Ng5 Ngxe5 10. fxe5 Nxe5 11. Qxd8+ Kxd8 12. Bxf7 Rf8 13. Be6 Rf6 14. Bxc8 Rxc8 15. Nce4 Rb6 16. Be3 h6 17. Nh3 Rxb2 18. O-O-O+ Ke8 19. Kxb2 Nc4+ 20. Kb1 Nxe3 21. Rd3 Nf5 22. Rhd1 c4 23. Rd7 Ne3 24. R1d2 c3 25. R2d3 Nc4 26. Rxb7 Na5 27. Nd6+ Kf8 28. Nxc8 Nxb7 29. Nxa7 Nd6 30. Nf4 Kf7 31. Rf3 Nc4 32. Kc1 Nd2 33. Rd3 e5 34. Rd7+ Kg8 35. Nxg6 e4 36. Ne7+ Kf8 37. Nf5 Bf6 38. h4 Nc4 39. Kd1 Ne5 40. Rd4 Ng4 41. Rd6 Kf7 42. Nc6 Kg6 43. Nce7+ Kf7 44. Nd5 Be5 45. Nxh6+ Kg7 46. Nf5+ Kf7 47. Rc6 Bh8 48. a4 Ne5 49. Rh6 Ng6 50. h5 1-0

[Event "Hampshire Open"]
[Site "Eastleigh"]
[Date "2007.11.04"]
[Round "6"]
[White "Kawuma, Steven Male"]
[Black "Lock, Gavin R"]
[Result "1-0"]
[WhiteElo "2163"]
[BlackElo "2215"]
[PlyCount "104"]
[EventDate "2007.11.02"]
[EventType "swiss"]
[EventRounds "6"]
[EventCountry "ENG"]
[SourceTitle "BritBase"]
[Source "John Saunders"]
[SourceDate "2025.01.31"]
[SourceVersion "1"]
[SourceVersionDate "2025.01.31"]
[SourceQuality "1"]

1. Nf3 d5 2. d3 Bg4 3. Nbd2 Nd7 4. g3 c6 5. Bg2 Ngf6 6. h3 Bh5 7. O-O e6 8. Re1 Bc5 9. c3 a5 10. d4 Bd6 11. e4 dxe4 12. Nxe4 Nxe4 13. Rxe4 O-O 14. Re1 a4 15. Be3 Qa5 16. Qc1 Rfe8 17. Nd2 Bg6 18. Nc4 Qc7 19. Nxd6 Qxd6 20. Bf4 e5 21. dxe5 Nxe5 22. Qe3 f6 23. Qb6 Qd7 24. Rad1 Nd3 25. Rxe8+ Rxe8 26. Bf1 Re1 27. Rxe1 Nxe1 28. Qe3 Nd3 29. Qd2 Qd5 30. Be3 Be4 31. f3 Bg6 32. Be2 Qd7 33. Kg2 Ne5 34. Qxd7 Nxd7 35. b3 axb3 36. axb3 Bf7 37. Bd1 Kf8 38. Kf2 Ke7 39. Bc1 Kd6 40. Ke3 Be6 41. g4 b6 42. f4 Bd5 43. Ba3+ c5 44. h4 Nb8 45. Bb2 Nd7 46. Bc2 h6 47. h5 Nb8 48. c4 Bf7 49. Bd1 Nc6 50. g5 hxg5 51. fxg5 Ne5 52. Ke4 Be6 1-0

[Event "Hampshire Open"]
[Site "Eastleigh"]
[Date "2007.11.04"]
[Round "6"]
[White "Williams, Peter Arthur"]
[Black "Anderson, Thomas R"]
[Result "1/2-1/2"]
[WhiteElo "1816"]
[BlackElo "1872"]
[PlyCount "60"]
[EventDate "2007.11.02"]
[EventType "swiss"]
[EventRounds "6"]
[EventCountry "ENG"]
[SourceTitle "BritBase"]
[Source "John Saunders"]
[SourceDate "2025.01.31"]
[SourceVersion "1"]
[SourceVersionDate "2025.01.31"]
[SourceQuality "1"]

1. d4 e6 2. c4 f5 3. Nc3 Nf6 4. Nf3 Bb4 5. Bd2 O-O 6. g3 d6 7. Bg2 Qe8 8. Nb5 Bxd2+ 9. Nxd2 Qe7 10. Qb3 c6 11. Nc3 Kh8 12. e4 Na6 13. O-O e5 14. dxe5 dxe5 15. exf5 Bxf5 16. Nde4 Nxe4 17. Nxe4 Rad8 18. Rad1 Rd4 19. Qe3 Rfd8 20. Nc3 Qc5 21. Rfe1 Qxc4 22. Qxe5 Rxd1 23. Nxd1 Qe6 24. Qxe6 Bxe6 25. Rxe6 Rxd1+ 26. Bf1 Kg8 27. Kg2 Nc5 28. Re5 b6 29. b4 Nd3 30. Bxd3 Rxd3 1/2-1/2

[Event "Hampshire Open"]
[Site "Eastleigh"]
[Date "2007.11.04"]
[Round "6"]
[White "Yeo, Michael J"]
[Black "Corkett, Anthony R"]
[Result "1/2-1/2"]
[WhiteElo "2153"]
[BlackElo "2312"]
[PlyCount "63"]
[EventDate "2007.11.02"]
[EventType "swiss"]
[EventRounds "6"]
[EventCountry "ENG"]
[SourceTitle "BritBase"]
[Source "John Saunders"]
[SourceDate "2025.01.31"]
[SourceVersion "1"]
[SourceVersionDate "2025.01.31"]
[SourceQuality "1"]

1. e4 c5 2. Nf3 Nc6 3. d4 cxd4 4. Nxd4 g6 5. Nc3 Bg7 6. Be3 Nf6 7. Bc4 O-O 8. Bb3 a5 9. f3 d5 10. exd5 Nb4 11. Nde2 Bf5 12. a3 a4 13. Nxa4 Nbxd5 14. Bf2 Qa5+ 15. Qd2 Qxd2+ 16. Kxd2 Bh6+ 17. Ke1 Ne3 18. Bxe3 Bxe3 19. Ng3 Bd7 20. Nc3 Bc6 21. Nce4 Nxe4 22. Nxe4 Ra5 23. Rd1 Re5 24. Ke2 Bb6 25. Rhe1 Ba5 26. Rh1 Rc8 27. Rd4 Kg7 28. Kd1 Bb6 29. Rd2 Ba5 30. Rd4 Bb6 31. Rd2 Ba5 32. Rd4 1/2-1/2